Venezuela al borde del abismo

Guardat en:
Dades bibliogràfiques
Format: Text
Etiquetes: Afegir etiqueta
Sense etiquetes, Sigues el primer a etiquetar aquest registre!

MARC

LEADER 00000 a a2200000 04500
001 42601
003
040
245 |a Venezuela al borde del abismo  
773 |g volumen25, número1110 ( , 2004), páginas 4-6  
999 |c 35254  |d 35254